Descifrar las guerras de religión. Thierry Amalou, La Sorbonne entre en guerre de religion, Autorité universitaire, censure et pouvoir royal en France (vers 1551 – vers 1589), Droz, «Travaux d’humanisme et Renaissance», 2024, 592 páginas, 75 euros. Denis Crouzet, Paris criminel, 1572, Les Belles Lettres, 2024, 378 páginas, 25 euros. Jérémie Foa, Survivre, Une autre histoire des guerres de religion, Seuil, «L’univers historique», 2024, 352 páginas, 23 euros. (notice n° 1702139)
[ vue normale ]
| 000 -LEADER | |
|---|---|
| fixed length control field | 01079cam a2200157 4500500 |
| 005 - DATE AND TIME OF LATEST TRANSACTION | |
| control field | 20260315012941.0 |
| 041 ## - LANGUAGE CODE | |
| Language code of text/sound track or separate title | fre |
| 042 ## - AUTHENTICATION CODE | |
| Authentication code | dc |
| 100 10 - MAIN ENTRY--PERSONAL NAME | |
| Personal name | Goldman, Oury |
| Relator term | author |
| 245 00 - TITLE STATEMENT | |
| Title | Descifrar las guerras de religión. Thierry Amalou, La Sorbonne entre en guerre de religion, Autorité universitaire, censure et pouvoir royal en France (vers 1551 – vers 1589), Droz, «Travaux d’humanisme et Renaissance», 2024, 592 páginas, 75 euros. Denis Crouzet, Paris criminel, 1572, Les Belles Lettres, 2024, 378 páginas, 25 euros. Jérémie Foa, Survivre, Une autre histoire des guerres de religion, Seuil, «L’univers historique», 2024, 352 páginas, 23 euros. |
| 260 ## - PUBLICATION, DISTRIBUTION, ETC. | |
| Date of publication, distribution, etc. | 2026.<br/> |
| 500 ## - GENERAL NOTE | |
| General note | 15 |
| 520 ## - SUMMARY, ETC. | |
| Summary, etc. | Eva Jospin nos invita a un viaje hacia lo universal en el arte: la fascinante exploración de sus cuevas, presentada en el Grand Palais, nos invita a buscar las convergencias humanas. |
| 786 0# - DATA SOURCE ENTRY | |
| Note | Études | 4334 | 2 | 2026-01-26 | p. 119-120 |
| 856 41 - ELECTRONIC LOCATION AND ACCESS | |
| Uniform Resource Identifier | <a href="https://shs.cairn.info/revista-etudes-2026-2-page-119?lang=es&redirect-ssocas=7080">https://shs.cairn.info/revista-etudes-2026-2-page-119?lang=es&redirect-ssocas=7080</a> |
Pas d'exemplaire disponible.




Réseaux sociaux